| 000 | 00548nam a2200181Ia 4500 | ||
|---|---|---|---|
| 005 | 20240626023238.0 | ||
| 008 | 240331s9999 xx 000 0 und d | ||
| 020 | _a9555800545 | ||
| 082 |
_a016.3 _bLOG |
||
| 100 | _aLoganathan, B | ||
| 245 | 0 |
_aGendering humanitarianism : _ban annoteted bibliography on gender and capacity building in armed conflict |
|
| 260 |
_aColombo _bInternational Centre for Ethnic Studies, _c2000 |
||
| 300 | _a198 p. ., | ||
| 650 | _a Armed conflict | ||
| 650 | _aWomen | ||
| 650 | _aHumanitarian assistance | ||
| 942 | _cL | ||
| 999 |
_c643 _d643 |
||